Children's Book By Synonym Quiz Stats

 Plays Quiz Updated Oct 11, 2018

Challenge
Share
Tweet
Embed
Score 0/25 Timer 07:00
4 Plays Today
Book Title Synonym Actual Book Title % Correct
Tiny femalesLittle Women
94.2%
The unattractive hatchlingThe Ugly Duckling
87.4%
An explanation of the circumstances that allowed a killjoy to burglarize December 25thHow the Grinch Stole Christmas
86.6%
Chuck and the confectionery manufacturing plantCharlie and the Chocolate Factory
81.1%
The miniature motor that was capableThe Little Engine That Could
77.8%
The small abode located upon the grasslandLittle House on the Prairie
75.8%
The color spectrum aquatic dwellerThe Rainbow Fish
75.3%
Place that the footpath terminatesWhere the Sidewalk Ends
75.1%
The Native American inside the cabinetThe Indian In The Cupboard
71.7%
The location of the untamed figures existenceWhere the Wild Things Are
68.7%
A crease in chronologyA Wrinkle In Time
67.4%
The velour hareThe Velveteen Rabbit
66.7%
Pleasant twilight, celestial bodyGoodnight Moon
66.3%
Book Title Synonym Actual Book Title % Correct
In case you supply a rodent a baked goodIf You Give A Mouse A Cookie
64.9%
The considerably famished butterflyThe Very Hungry Caterpillar
64.2%
A luminescence in the room directly under the roof of a houseA Light In the Attic
63.9%
The arctic nonstopThe Polar Express
59.4%
The blizzardy 24 hoursThe Snowy Day
58.6%
Estimate the amount of affection I hold for theeGuess How Much I Love You
55.5%
The classified greenhouseThe Secret Garden
54.2%
The benefactorThe Giver
52.3%
Tally the celestial objectsNumber the Stars
38.9%
The parchment sack royal femaleThe Paper Bag Princess
30.6%
The escaped cottontailThe Runaway Bunny
26.6%
The poltergeist levy stationThe Phantom Tollbooth
19.6%

You're not logged in!

Compare scores with friends on all Sporcle quizzes.
OR
Log In

You Might Also Like...

Show Comments

Extras

Top Quizzes Today


Score Distribution

Your Account Isn't Verified!

In order to create a playlist on Sporcle, you need to verify the email address you used during registration. Go to your Sporcle Settings to finish the process.

Report this User

Report this user for behavior that violates our Community Guidelines.

Details: